Biomass as a renewable energy source (Record no. 117343)

MARC details
000 -LEADER
fixed length control field 00826cam a2200205 4500
001 - CONTROL NUMBER
control field WB4018-06
008 - FIXED-LENGTH DATA ELEMENTS--GENERAL INFORMATION
fixed length control field 040512n2004 000 0 eng u
035 ## - SYSTEM CONTROL NUMBER
System control number (Sirsi) u126179
245 ## - TITLE STATEMENT
Title Biomass as a renewable energy source
260 ## - PUBLICATION, DISTRIBUTION, ETC.
Date of publication, distribution, etc. 2004
490 ## - SERIES STATEMENT
Series statement Royal Commission on Environmental Pollution News Release
Volume/sequential designation 11 May 2004 (6)
520 ## - SUMMARY, ETC.
Summary, etc. The Royal Commission on Environmental Pollution has published a report entitled "Biomass as a renewable energy source". It examines opportunities for biomass to contribute to UK greenhouse gas reduction targets. The report is available on the RCEP website, http://www.rcep.org.uk/bioreport.htm.
590 ## - LOCAL NOTE (RLIN)
Local note WB
590 ## - LOCAL NOTE (RLIN)
Local note WB
650 ## - SUBJECT ADDED ENTRY--TOPICAL TERM
Topical term or geographic name entry element RENEWABLE ENERGY SOURCES
650 ## - SUBJECT ADDED ENTRY--TOPICAL TERM
Topical term or geographic name entry element BIOMASS ENERGY
650 ## - SUBJECT ADDED ENTRY--TOPICAL TERM
Topical term or geographic name entry element ENERGY POLICY
690 ## - LOCAL SUBJECT ADDED ENTRY--TOPICAL TERM (OCLC, RLIN)
Topical term or geographic name as entry element ENERGY
9 (RLIN) 6237
942 ## - ADDED ENTRY ELEMENTS (KOHA)
Suppress in OPAC 0
Holdings
Withdrawn status Lost status Source of classification or shelving scheme Damaged status Not for loan Home library Current library Shelving location Date acquired Total Checkouts Full call number Barcode Date last seen Copy number Price effective from Koha item type
    Dewey Decimal Classification     London London News article 12/05/2004   WB4018-06 126179-1001 06/08/2019 1 06/08/2019 News article